| 000 | 01831nam a2200457 i 4500 | ||
|---|---|---|---|
| 001 | 44628 | ||
| 003 | ES-MaCES | ||
| 005 | 20240205111949.0 | ||
| 008 | 140516s2014 sp l 110 | spa d | ||
| 017 |
_aV 2710-2013-2013 _bDL |
||
| 020 | _a9788490330074 | ||
| 040 |
_aES-MaCES _bspa _cES-MaCES |
||
| 111 | 2 |
_934915 _aCongreso "Mujeres, Contratos y Empresa desde la Igualdad de Género" _n22º _d2010 _cLas Palmas de Gran Canaria |
|
| 245 | 0 | 0 |
_aMujeres, contratos y empresa desde la igualdad de género _crecoge las ponencias presentadas en el Congreso "Mujeres, Contratos y Empresa desde la Igualdad de Género", celebrado en Las Palmas de Gran Canaria, los días 2 y 3 de dic. de 2010 ; dir., Carolina Mesa Marrero, coord., Carmen Grau Pineda |
| 260 |
_aValencia _bTirant lo Blanch _c2014 |
||
| 300 |
_a1005 p. _c24 cm |
||
| 490 | 1 | _aTirant lo Blanch homenajes congresos | |
| 504 | _aBibliografía | ||
| 541 | _cCompra | ||
| 650 | 4 |
_amujeres _928657 |
|
| 650 | 4 |
_atrabajadora _928413 |
|
| 650 | 4 |
_acontrato _929505 |
|
| 650 | 4 |
_acontrato de trabajo _928316 |
|
| 650 | 4 |
_aplanificación en función del género _930645 |
|
| 650 | 4 |
_adiscriminación por razones de sexo _929521 |
|
| 650 | 4 |
_aigualdad de oportunidades _927183 |
|
| 650 | 4 |
_aigualdad de oportunidades en el empleo _930649 |
|
| 650 | 4 |
_aderechos de la mujer _927173 |
|
| 650 | 4 |
_aEspaña _926964 |
|
| 650 | 4 |
_arégimen jurídico _929894 |
|
| 650 | 4 |
_ainvestigación interdisciplinaria _928841 |
|
| 650 | 4 |
_aconferencia _927013 |
|
| 650 | 4 |
_928178 _aempresa |
|
| 650 | 4 |
_928369 _arelaciones laborales |
|
| 653 | 1 | 0 | _aMujer |
| 700 | 1 |
_934916 _aMesa Marrero, Carolina _edir. |
|
| 700 | 1 |
_aGrau Pineda, Carmen _ecol. _914062 |
|
| 830 | 0 |
_aHomenajes & congresos (Tirant lo Blanch (Firma)) _934426 |
|
| 902 | _aLIB Libro | ||
| 942 |
_2CES _cBK _h3.3. |
||
| 999 |
_c44628 _d44628 |
||